000 00510nam a22001697a 4500
003 NUST
005 20230301192213.0
008 171002b xxu||||| |||| 00| 0 eng d
040 _cNUST
082 _a330
100 _aNoureen,Shabana
_95156
245 _aExplaining Trends and Factors Affecting Export Diversification in ASEAN and SAARC Regions: An Empirical Analysis
260 _aIslamabad
_c2014
300 _a61p
856 _uhttp://10.250.8.41:8080/xmlui/handle/123456789/3420
942 _2ddc
_cTHE
999 _c331524
_d331524